[Event "57.SMM ASD Arci BZ 2-Deutschnofen/Alp"]
[Site "Chess.com iPhone"]
[Date "2025.11.15"]
[Round "2.2"]
[White "Perli, Tommaso"]
[Black "Lain, Luigi"]
[Result "0-1"]
[WhiteElo "1958"]
[BlackElo "2270"]
[PlyCount "80"]
[EventDate "2025.??.??"]

{[%evp 0,80,35,23,12,-20,22,-12,9,0,15,3,0,-15,3,-24,65,65,85,91,72,27,19,25,15,0,15,-4,3,6,16,-16,-19,-35,-20,-24,-24,-18,-27,-27,-44,-48,-51,-27,-52,-91,-104,-92,-96,-100,-102,-124,-124,-124,-117,-173,-177,-248,-249,-234,-180,-184,-214,-214,-202,-241,-238,-268,-321,-306,-321,-357,-374,-396,-444,-502,-502,-531,-547,-650,-677,-822,-822]} 1. Nf3 d5 2. g3 c5 3. Bg2 Nf6 4. O-O e6 5. d4 Nc6 6. c4 dxc4 7. Ne5 Nxe5 8. dxe5 Qxd1 9. Rxd1 Nd5 10. e4 Nb6 11. Na3 Bd7 12. Bf1 Be7 13. Bxc4 O-O-O 14. Be3 Bc6 15. f3 Nd7 16. f4 a6 17. Bd3 b5 18. Nc2 c4 19. Nd4 Bb7 20. Rac1 Nc5 21. Bb1 Nxe4 22. b3 Ba3 23. bxc4 Bxc1 24. Rxc1 b4 25. Bxe4 Bxe4 26. Nb3 Rd3 27. Kf2 Rc3 28. Bd4 Rxc1 29. Nxc1 Bc2 30. Bc5 a5 31. Ke3 Kb7 32. Kd2 Bb1 33. Bd6 Rc8 34. Nb3 Kb6 35. c5+ Kb5 36. Nd4+ Kc4 37. Ke3 Bxa2 38. c6 a4 39. g4 Bb1 40. f5 a3 0-1

[Event "57.SMM ASD Arci BZ 2-Deutschnofen/Alp"]
[Site "?"]
[Date "2025.11.15"]
[Round "2.3"]
[White "Gennari, Jacopo"]
[Black "Terletskyi, Oleh Mycola"]
[Result "0-1"]
[WhiteElo "2128"]
[BlackElo "1913"]
[PlyCount "100"]
[EventDate "2025.??.??"]

{[%evp 0,100,35,23,28,-14,57,43,32,36,36,15,29,-2,46,30,10,21,35,39,42,29,52,46,46,37,57,59,107,43,140,-27,-49,-55,-54,-67,-72,-67,-73,-141,-110,-110,-114,-206,-209,-186,-147,-201,-172,-202,-210,-228,-184,-184,-115,-144,-115,-203,-192,-149,-201,-258,-263,-271,-273,-266,-198,-197,-201,-201,-48,-274,-127,-174,-92,-92,-86,-86,-117,-134,0,0,0,0,0,0,167,0,0,-699,-663,-665,-692,-1018,-1018,-971,-1103,-1111,-1044,-1097,-1323,-1847,-1325]} 1. d4 Nf6 2. c4 g6 3. Nc3 Bg7 4. e4 d6 5. f3 Nfd7 6. Nge2 e5 7. d5 a5 8. h4 f5 9. exf5 gxf5 10. Ng3 Nf6 11. Bd3 f4 12. Nf5 Bxf5 13. Bxf5 Nh5 14. Ne4 Bf6 15. Nxf6+ Qxf6 16. Bg4 Ng3 17. Rh3 a4 18. Bd2 h5 19. Be6 Nd7 20. Qc2 Nf8 21. Rxg3 Qxh4 22. O-O-O Qxg3 23. Bh3 Qg6 24. Qc3 Rh7 25. Qb4 a3 26. bxa3 Qd3 27. Bc3 Qe3+ 28. Kc2 Qa7 29. Rb1 b6 30. Rb3 Nd7 31. Be1 Nc5 32. Rc3 h4 33. Kc1 Qa4 34. Qb1 Rh6 35. Bxh4 e4 36. Be1 e3 37. Qf5 e2 38. Rc2 Qxa3+ 39. Kb1 Qe3 40. Qg5 Rxa2 41. Qg8+ Ke7 42. Qg7+ Ke8 43. Rxa2 Qb3+ 44. Qb2 Qd1+ 45. Qc1 Nd3 46. Rc2 Nxc1 47. Rxc1 Qb3+ 48. Ka1 Kf7 49. Be6+ Kg6 50. Bc3 Qxc3+ 0-1

[Event "57.SMM ASD Arci BZ 2-Deutschnofen/Alp"]
[Site "?"]
[Date "2025.11.15"]
[Round "2.4"]
[White "Addante, Francesco"]
[Black "Micheli, Carlo"]
[Result "0-1"]
[WhiteElo "1874"]
[BlackElo "2123"]
[PlyCount "130"]
[EventDate "2025.??.??"]

{[%evp 0,130,28,12,62,5,9,0,32,27,10,16,9,6,6,10,17,28,29,-5,32,37,64,65,103,81,119,40,50,41,93,123,97,104,118,109,115,82,66,64,55,48,57,62,72,69,96,110,283,226,245,215,284,194,194,201,201,-88,-87,-73,-94,-76,-84,-89,-50,-102,-91,-146,-104,-69,-66,-69,-47,-44,-48,-83,-91,-71,-64,-65,-49,-61,-81,-80,-78,-83,-79,-101,-101,-287,-254,-269,-48,-64,-57,-114,-194,-187,-204,-406,-102,-200,-120,-186,-225,-481,-397,-397,-515,-537,-527,-527,-527,-537,-547,-557,-557,-567,-537,-537,-547,-547,-547,-547,-547,-547,-547,-547,-557,-557,-557,-557,-557]} 1. Nf3 c5 2. g3 Nc6 3. Bg2 g6 4. c4 Bg7 5. Nc3 d6 6. O-O Bd7 7. a3 Qc8 8. Rb1 Bh3 9. b4 Bxg2 10. Kxg2 b6 11. Bb2 Qb7 12. Qa4 Nh6 13. Ne4 Bxb2 14. Rxb2 Qd7 15. bxc5 bxc5 16. Rfb1 Nd8 17. Qxd7+ Kxd7 18. d4 cxd4 19. Nxd4 Rc8 20. Rb4 f5 21. Ng5 e5 22. Nb5 a6 23. Nc3 Rc7 24. Nd5 Ra7 25. Rb8 e4 26. Nb6+ Kc6 27. Ne6 Ndf7 28. Nc8 Rxc8 29. Rxc8+ Kd7 30. Rbb8 Kxe6 31. Ra8 Rb7 32. Rxa6 Rb2 33. c5 Kd7 34. Rca8 dxc5 35. R8a7+ Ke8 36. Rc6 Kf8 37. Rxc5 Rxe2 38. Kf1 Ra2 39. Rcc7 g5 40. h4 gxh4 41. gxh4 Kg7 42. a4 Kf6 43. a5 f4 44. Re7 Ne5 45. Rxh7 Nef7 46. Ra6+ Kf5 47. Raxh6 Nxh6 48. Rxh6 Kg4 49. Rc6 Rxa5 50. Rc1 Ra4 51. Rb1 Kf3 52. h5 Ra5 53. h6 Rh5 54. Kg1 Rxh6 55. Rb3+ e3 56. fxe3 fxe3 57. Ra3 Rg6+ 58. Kf1 Rd6 59. Ke1 Rh6 60. Kd1 Rh1+ 61. Kc2 Kf2 62. Ra8 e2 63. Rf8+ Kg3 64. Rg8+ Kf4 65. Rf8+ Kg5 0-1

[Event "57.SMM ASD Arci BZ 2-Deutschnofen/Alp"]
[Site "?"]
[Date "2025.11.15"]
[Round "2.5"]
[White "Thurner, Markus"]
[Black "Reyna Hernandez, Sandor"]
[Result "1-0"]
[WhiteElo "1958"]
[BlackElo "1905"]
[PlyCount "65"]
[EventDate "2025.??.??"]

{[%evp 0,65,20,20,76,69,68,57,63,21,77,42,52,38,36,24,54,37,11,16,13,10,10,14,266,295,262,104,145,145,145,235,220,243,243,210,253,262,459,441,445,483,487,507,506,486,505,478,486,488,483,501,490,464,463,469,476,468,476,469,539,543,762,823,816,624,755,767]} 1. e4 c6 2. d4 d5 3. e5 Bf5 4. h4 h5 5. Bd3 Bxd3 6. Qxd3 e6 7. Ne2 Qb6 8. Nd2 c5 9. c3 Nd7 10. Nf3 Ne7 11. Nf4 O-O-O 12. Ng5 cxd4 13. cxd4 Nf5 14. Nxf7 Bb4+ 15. Kf1 Nxd4 16. Be3 Bc5 17. b4 Qxb4 18. Rb1 Qc4 19. Rc1 Qxd3+ 20. Nxd3 Kb8 21. Nxc5 Nxc5 22. Bxd4 Nd3 23. Rd1 Nf4 24. g3 Ng6 25. Nxh8 Rxh8 26. Ke2 b6 27. Rc1 Kb7 28. Rc2 Ne7 29. Rhc1 Nf5 30. Kd3 Rh6 31. Rc7+ Ka6 32. Be3 Rg6 33. Bg5 1-0

[Event "57.SMM ASD Arci BZ 2-Deutschnofen/Alp"]
[Site "?"]
[Date "2025.11.15"]
[Round "2.6"]
[White "Puechler, Ruben"]
[Black "Welsch, Ulrich"]
[Result "1-0"]
[WhiteElo "1842"]
[BlackElo "1859"]
[PlyCount "45"]
[EventDate "2025.??.??"]

{[%evp 0,45,17,20,42,30,36,4,-3,-3,2,-5,27,27,46,43,75,75,108,76,118,89,128,126,121,108,133,119,114,114,165,151,143,138,155,152,126,109,405,427,469,477,1286,1329,1359,1397,1438,1438]} 1. e4 e6 2. d4 d5 3. e5 c5 4. c3 Nc6 5. Nf3 Qc7 6. Bd3 f6 7. O-O g6 8. Re1 f5 9. a4 Qb6 10. Na3 a6 11. dxc5 Bxc5 12. Qe2 Bf8 13. Nc2 Bg7 14. b4 Nge7 15. Be3 Qc7 16. Bc5 Nd8 17. c4 Nf7 18. Rad1 a5 19. cxd5 Nxd5 20. Bb5+ Kd8 21. Rxd5+ exd5 22. e6 Bxe6 23. Qxe6 1-0

[Event "57.SMM Gröden-J.Richter/Lask BZ"]
[Site "?"]
[Date "2025.11.22"]
[Round "2.1"]
[White "De Eccher, Stefano"]
[Black "Casadio, Niccolò"]
[Result "0-1"]
[WhiteElo "2170"]
[BlackElo "2240"]
[PlyCount "76"]
[EventDate "2025.??.??"]
[SourceVersionDate "2025.11.23"]

{[%evp 0,76,19,28,47,46,30,36,54,42,40,35,40,21,13,14,9,3,8,-1,39,48,31,18,47,51,19,29,64,40,22,5,5,5,5,5,5,5,5,18,42,25,16,12,17,15,5,8,2,8,-9,0,12,0,0,-195,-195,-190,-190,-185,-183,-190,-188,-229,-239,-218,-252,-293,-291,-291,-283,-360,-357,-365,-389,-425,-433,-533,-538]} 1. e4 e6 2. d4 d5 3. Nc3 Nf6 4. Bg5 dxe4 5. Nxe4 Be7 6. Bxf6 gxf6 7. Nf3 f5 8. Nc3 a6 9. g3 b5 10. Bg2 Bb7 11. O-O O-O 12. Ne5 Bxg2 13. Kxg2 Ra7 14. Re1 Bf6 15. a3 Qd6 16. f4 Nc6 17. Nxc6 Qxc6+ 18. d5 Qa8 19. Qf3 Re8 20. dxe6 Qxf3+ 21. Kxf3 Rxe6 22. Rxe6 fxe6 23. Rd1 c5 24. Rd6 Kf7 25. Rc6 Bd4 26. Nd1 Ke7 27. c3 Kd7 28. Rb6 Bf6 29. Nf2 Bd8 30. Rb8 c4 31. g4 Kc7 32. Rxd8 Kxd8 33. g5 Rd7 34. Ke2 Ke7 35. Nh1 e5 36. fxe5 Ke6 37. Ng3 Kxe5 38. h4 Rd3 0-1

[Event "57.SMM Gröden-J.Richter/Lask BZ"]
[Site "?"]
[Date "2025.11.22"]
[Round "2.2"]
[White "Luciani, Valerio"]
[Black "Unterweger, Jonas"]
[Result "0-1"]
[WhiteElo "2170"]
[BlackElo "2037"]
[PlyCount "78"]
[EventDate "2025.??.??"]
[SourceVersionDate "2025.11.23"]

{[%evp 0,67,31,27,27,4,4,6,20,1,4,4,13,13,20,24,22,12,12,31,26,26,27,33,39,42,42,-1,28,13,29,-1,7,17,10,4,20,-38,2,-20,-5,-5,-4,-26,24,24,-13,-37,-30,-60,11,-28,-20,-34,104,-18,-4,-50,29,-29,-42,-42,87,40,53,-138,-105,-122,-139,-153]} 1. d4 d5 2. c4 e6 3. Nc3 Nf6 4. cxd5 exd5 5. Bg5 Be7 6. e3 O-O 7. Bd3 h6 8. Bh4 b6 9. Rc1 Bb7 10. Nge2 Nbd7 11. O-O c5 12. f3 Re8 13. Bf2 Bf8 14. g4 Rc8 15. Ng3 cxd4 16. exd4 g6 17. h4 a6 18. Bb1 Bg7 19. Qd3 Nf8 20. Nce2 Ne6 21. h5 gxh5 22. gxh5 Ng5 23. Kg2 Bc6 24. Nc3 Bd7 25. Rh1 b5 26. a3 Be6 27. Rh4 Qd7 28. Rg1 Qe7 29. Nf5 Bxf5 30. Qxf5 Qe6 31. Qf4 Qb6 32. Na2 Re2 33. Rc1 Rce8 34. Rc2 Ne6 35. Qg3 Nxd4 36. Nc3 Nxc2 37. Nxe2 Rxe2 38. Bxc2 Rxc2 39. Kg1 Qc7 0-1

[Event "57.SMM Gröden-J.Richter/Lask BZ"]
[Site "?"]
[Date "2025.11.22"]
[Round "2.3"]
[White "Moncher, Stefano"]
[Black "Demetz, Rainer"]
[Result "1-0"]
[WhiteElo "2126"]
[BlackElo "2213"]
[PlyCount "83"]
[EventDate "2025.??.??"]
[SourceVersionDate "2025.11.23"]

{[%evp 0,83,31,38,38,33,83,83,81,54,54,68,50,44,44,30,32,22,18,27,27,-30,23,-35,44,-3,37,30,50,29,22,40,70,55,69,73,67,44,76,54,48,48,54,33,44,71,67,32,46,-2,47,40,30,5,205,0,0,0,0,0,154,124,122,125,132,145,256,301,323,322,340,341,332,352,424,403,421,421,489,475,502,539,551,576,579,572]} 1. e4 e5 2. Nf3 d6 3. d4 Nf6 4. Nc3 Nbd7 5. Bc4 Be7 6. O-O O-O 7. Bg5 c6 8. a4 h6 9. Bxf6 Bxf6 10. Qd2 Re8 11. h3 Nf8 12. Rfd1 Qc7 13. d5 c5 14. a5 Bd7 15. Bb5 Kh7 16. Bxd7 Nxd7 17. Nb5 Qb8 18. c3 g6 19. Qe2 Be7 20. Nd2 Rf8 21. b4 b6 22. axb6 Qxb6 23. Ra5 cxb4 24. cxb4 Rfc8 25. Nc4 Qb8 26. Rda1 Bd8 27. Nxa7 Rxc4 28. Qxc4 Bxa5 29. Nc6 Qb6 30. bxa5 Qb2 31. Qa2 Qc3 32. Qa3 Qc5 33. a6 Qxa3 34. Rxa3 Nc5 35. a7 Kg7 36. Ra5 Kf6 37. Rb5 Na6 38. Rb7 h5 39. Rd7 Kg7 40. Rxd6 Nc7 41. Rd7 Nb5 42. Rb7 1-0

[Event "57.SMM Gröden-J.Richter/Lask BZ"]
[Site "?"]
[Date "2025.11.22"]
[Round "2.4"]
[White "Moroder, Thomas"]
[Black "Billio, Atto"]
[Result "1/2-1/2"]
[WhiteElo "2045"]
[BlackElo "2029"]
[PlyCount "37"]
[EventDate "2025.??.??"]
[SourceVersionDate "2025.11.23"]

{[%evp 0,37,38,33,71,69,85,33,52,44,44,44,44,44,56,56,62,61,61,44,69,54,75,44,70,44,66,60,106,100,97,100,107,114,147,125,157,157,157,131]} 1. e4 d6 2. d4 Nf6 3. f3 e5 4. dxe5 dxe5 5. Qxd8+ Kxd8 6. Bc4 Ke8 7. Be3 Be6 8. Bxe6 fxe6 9. Nd2 Nbd7 10. a4 Bb4 11. c3 Bc5 12. Ke2 a5 13. Nc4 Bd6 14. Nh3 Ke7 15. Nf2 h6 16. Rhd1 Nh5 17. Rd2 g5 18. Rad1 Ra6 19. Nd3 1/2-1/2

[Event "57.SMM Gröden-J.Richter/Lask BZ"]
[Site "?"]
[Date "2025.11.22"]
[Round "2.5"]
[White "Buglisi, Massimo"]
[Black "Bernardi, Ruben"]
[Result "0-1"]
[WhiteElo "1954"]
[BlackElo "2028"]
[PlyCount "58"]
[EventDate "2025.??.??"]
[SourceVersionDate "2025.11.23"]

{[%evp 0,58,33,33,57,68,68,67,85,53,51,44,44,45,44,33,33,33,33,33,41,15,15,11,11,11,11,0,44,25,25,25,25,25,47,41,60,19,12,12,39,7,13,13,13,-80,-80,-92,-92,-105,-78,-540,-543,-598,-652,-656,-656,-630,-148,-29997,-29998]} 1. e4 d6 2. d4 Nf6 3. Nc3 e5 4. Nf3 Nbd7 5. Bc4 Be7 6. O-O O-O 7. Re1 c6 8. a4 exd4 9. Qxd4 Ng4 10. h3 Nge5 11. Nxe5 Nxe5 12. Be2 Bf6 13. Qe3 d5 14. exd5 cxd5 15. Rd1 d4 16. Qe4 Re8 17. Nd5 Bd7 18. Nxf6+ Qxf6 19. Qxd4 Bf5 20. Be3 Bxc2 21. Rdc1 Qg6 22. Ra3 Be4 23. g4 Rad8 24. Qc3 h5 25. g5 Qf5 26. Kh2 Nf3+ 27. Bxf3 Qxf3 28. Rg1 h4 29. Bd2 Qxf2+ 0-1

[Event "57.SMM Gröden-J.Richter/Lask BZ"]
[Site "?"]
[Date "2025.11.22"]
[Round "2.6"]
[White "Grossi, Christian"]
[Black "Kowalczyk, Martin"]
[Result "1-0"]
[WhiteElo "1986"]
[BlackElo "1857"]
[PlyCount "71"]
[EventDate "2025.??.??"]
[SourceVersionDate "2025.11.23"]

{[%evp 0,71,20,27,29,30,23,18,42,10,33,-4,-1,-2,0,2,48,74,100,74,274,266,277,276,282,278,311,298,309,282,287,284,280,283,285,281,301,242,232,246,230,192,209,225,234,222,216,216,216,192,283,273,265,293,313,279,301,288,348,368,385,256,274,285,299,283,296,251,297,310,308,333,510,532]} 1. d4 Nf6 2. Nf3 e6 3. c4 Bb4+ 4. Nc3 O-O 5. Qc2 d5 6. e3 c5 7. a3 Qa5 8. Bd2 cxd4 9. Nxd4 Be7 10. Nxd5 Qd8 11. Nxe7+ Qxe7 12. Bb4 Qc7 13. Bxf8 Kxf8 14. Be2 Bd7 15. O-O Nc6 16. Rad1 a6 17. Rd2 h6 18. f4 e5 19. Nxc6 Bxc6 20. Bf3 exf4 21. exf4 Qxf4 22. Bxc6 Qe3+ 23. Kh1 bxc6 24. Qd3 Ng4 25. Qd6+ Kg8 26. Qxc6 Re8 27. Qd7 Nf6 28. Qd4 Ng4 29. Qxe3 Nxe3 30. Rc1 Nxc4 31. Rdc2 Nb6 32. Rc6 Rb8 33. h3 Kf8 34. b4 Ke8 35. Rc7 Ra8 36. Re1+ 1-0

[Event "57.SMM B CSK Merania 2-ASD Arci BZ 3"]
[Site "?"]
[Date "2025.11.15"]
[Round "2.1"]
[White "Niederstaesster, Harald"]
[Black "Battiston, Claudio"]
[Result "1/2-1/2"]
[WhiteElo "1876"]
[BlackElo "1878"]
[PlyCount "42"]
[EventDate "2025.11.15"]
[SourceVersionDate "2024.11.03"]

{[%evp 0,42,34,-16,8,-40,-20,-25,-10,-21,-5,-12,8,-3,7,14,17,20,18,5,6,3,3,4,52,0,2,4,7,7,17,10,11,27,16,14,31,21,29,29,32,30,58,52,31]} 1. c4 e6 2. g3 d5 3. Bg2 Nf6 4. Nf3 Be7 5. O-O O-O 6. b3 Nbd7 7. Bb2 b6 8. Nc3 Bb7 9. d4 c5 10. cxd5 Nxd5 11. Rc1 cxd4 12. Nxd4 Nxc3 13. Bxc3 Bxg2 14. Kxg2 Nc5 15. Nc6 Qc7 16. Nxe7+ Qxe7 17. Qd4 f6 18. Rfd1 Rfd8 19. Qc4 Kf7 20. f3 Rxd1 21. Rxd1 Rd8 1/2-1/2

[Event "57.SMM B CSK Merania 2-ASD Arci BZ 3"]
[Site "?"]
[Date "2025.11.15"]
[Round "2.2"]
[White "Wild, Alex"]
[Black "Pichler, Klaus"]
[Result "0-1"]
[WhiteElo "1763"]
[BlackElo "1849"]
[PlyCount "100"]
[EventDate "2025.11.15"]
[SourceVersionDate "2024.11.03"]

{[%evp 0,86,32,36,41,26,38,31,35,9,1,-32,-71,-86,-87,-103,-38,-79,-73,-107,-75,-110,-104,-99,-73,-130,-106,-113,-98,-108,-116,-144,-96,-120,-98,-104,-118,-175,-89,-171,-162,-162,-85,-79,-78,-79,-122,-125,-85,-165,-149,-169,-158,-181,-183,-192,-202,-191,-192,-187,-187,-180,-180,-241,-197,-183,-139,-139,-142,-142,-148,-147,-158,-158,-161,-173,-234,-345,-359,-383,-372,-728,-742,-765,-765,-763,-765,-809,-722]} 1. e4 d5 2. e5 c5 3. Nf3 Bg4 4. Be2 Nc6 5. c3 Bxf3 6. Bxf3 Nxe5 7. Be2 Qb6 8. O-O e6 9. a4 Nf6 10. Na3 a6 11. Nc2 Nc6 12. d3 Be7 13. Be3 Qc7 14. f4 O-O 15. Qe1 Rae8 16. Rc1 Bd6 17. Qf2 Ne7 18. b4 Nd7 19. b5 axb5 20. axb5 b6 21. Ra1 Ra8 22. c4 d4 23. Bd2 e5 24. Qf3 Rxa1 25. Rxa1 exf4 26. Ra6 Ne5 27. Qf1 f3 28. gxf3 N5g6 29. Qf2 Rb8 30. Bf1 Bf4 31. Ne1 Bxd2 32. Qxd2 Qf4 33. Qxf4 Nxf4 34. Kf2 Nf5 35. Ng2 Nh3+ 36. Ke1 g5 37. Kd2 Ng1 38. Ne1 Ne3 39. Be2 Re8 40. Bd1 Nf1+ 41. Kc2 Rxe1 42. Rxb6 Ne3+ 43. Kb2 Nxd1+ 44. Kb3 Nf2 45. Rb8+ Kg7 46. b6 Kf6 47. Kc2 Nxf3 48. b7 Re7 49. Rc8 Rxb7 50. Rxc5 Ne1+ 0-1

[Event "57.SMM B CSK Merania 2-ASD Arci BZ 3"]
[Site "?"]
[Date "2025.11.15"]
[Round "2.3"]
[White "D'Ambrosio, Luca"]
[Black "Franceschini, Christoph"]
[Result "0-1"]
[WhiteElo "1849"]
[BlackElo "1743"]
[PlyCount "100"]
[EventDate "2025.11.15"]
[SourceVersionDate "2024.11.03"]

{[%evp 0,95,41,32,25,-10,-8,-33,-10,-19,8,-63,0,18,31,0,20,43,45,-42,-32,-88,-90,-112,-99,-97,-125,-202,-182,-191,-184,-185,-176,-164,-158,-148,-169,-201,-152,-160,-159,-174,-157,-157,-143,-145,-147,-182,-126,-150,-158,-134,-137,-139,-137,-183,-95,-116,-102,-103,-122,-131,-115,-162,-163,-222,-222,-246,-276,-325,-323,-323,-324,-359,-346,-329,-334,-380,-373,-362,-374,-374,-350,-350,-378,-344,-361,-359,-354,-367,-386,-688,-357,-433,-607,-636,-645,-1414]} 1. d4 Nf6 2. Bg5 Ne4 3. Bh4 g5 4. Bg3 Bg7 5. Be5 Nf6 6. Nc3 c6 7. Qd2 h6 8. h4 g4 9. Bxb8 Rxb8 10. Qf4 d6 11. Qd2 b5 12. e3 b4 13. Na4 Qa5 14. b3 Ne4 15. Qd3 Bf5 16. Qa6 Qxa6 17. Bxa6 g3 18. Nh3 gxf2+ 19. Nxf2 Ng3 20. Rg1 c5 21. O-O-O cxd4 22. exd4 Bf6 23. Nh1 Bxh4 24. Nxg3 Bxg3 25. Bd3 Bd7 26. Be4 f5 27. Bd3 e5 28. dxe5 dxe5 29. Nc5 Bc8 30. Rgf1 e4 31. Be2 Rb6 32. Bh5+ Ke7 33. Nxe4 fxe4 34. Rf7+ Ke6 35. Rxa7 Ke5 36. Rg7 Bf4+ 37. Kb1 Bg5 38. g3 Rf8 39. Rc7 Rb5 40. Bf7 Be6 41. Bxe6 Kxe6 42. c4 bxc3 43. Rxc3 Rd5 44. Re1 Ke5 45. a4 Rfd8 46. Rc4 Rd1+ 47. Rxd1 Rxd1+ 48. Kc2 Rd5 49. b4 e3 50. a5 e2 0-1

[Event "57.SMM B CSK Merania 2-ASD Arci BZ 3"]
[Site "?"]
[Date "2025.11.15"]
[Round "2.4"]
[White "Gleridis, Alexandros"]
[Black "De Nisi, Roberta"]
[Result "1/2-1/2"]
[WhiteElo "1733"]
[BlackElo "1844"]
[PlyCount "83"]
[EventDate "2025.11.15"]
[SourceVersionDate "2024.11.03"]

{[%evp 0,83,34,36,55,45,41,35,72,53,37,32,18,15,12,-30,-19,-9,-9,-76,13,10,10,10,3,11,15,-14,-12,-66,9,-16,22,29,21,33,42,46,46,60,68,66,88,100,143,138,131,134,193,211,211,197,197,164,203,175,223,230,249,284,243,250,253,146,143,153,153,152,183,102,103,97,105,106,113,113,111,108,111,111,127,129,126,118,120,114]} 1. e4 c5 2. Nf3 Nc6 3. Bb5 d6 4. O-O e5 5. h3 Nf6 6. Re1 Be7 7. c3 O-O 8. d4 cxd4 9. cxd4 exd4 10. Nxd4 Qb6 11. Bxc6 bxc6 12. Nc3 Re8 13. Be3 c5 14. Nde2 Bb7 15. f3 Bc6 16. Qd2 Qb7 17. Nf4 Rab8 18. b3 Bf8 19. Red1 Re5 20. Bf2 Rbe8 21. Bg3 Nh5 22. Nxh5 Rxh5 23. Bxd6 Qd7 24. Bxf8 Qxd2 25. Rxd2 Kxf8 26. Rad1 Re6 27. Rd8+ Ke7 28. Rc8 a6 29. Rc7+ Ke8 30. Ra7 Rg6 31. Rxa6 Bxe4 32. Rxg6 Bxg6 33. Kf2 f6 34. Rd5 Rxd5 35. Nxd5 Kd7 36. Ke3 Bf7 37. Nb6+ Kc6 38. Nc4 Bg6 39. Kd2 Kb5 40. Kc3 Kc6 41. h4 Bf7 42. g3 1/2-1/2

[Event "57.SMM B CSK Merania 2-ASD Arci BZ 3"]
[Site "?"]
[Date "2025.11.15"]
[Round "2.5"]
[White "Cozzi, Roberto"]
[Black "Unterberger, Celina"]
[Result "0-1"]
[WhiteElo "1789"]
[BlackElo "1673"]
[PlyCount "52"]
[EventDate "2025.11.15"]
[SourceVersionDate "2024.11.03"]

{[%evp 0,52,40,-5,-22,-17,-9,-1,55,-8,-14,-48,-38,-37,-37,-34,-35,-25,-13,-31,-30,-44,-33,-46,-21,-105,-81,-86,-78,-69,-71,-53,-49,-45,-39,-56,-62,-60,-62,-62,-56,-77,-82,-123,-85,-652,-540,-29991,-29992,-29993,-456,-29995,-1198,-29997,-29998]} 1. c4 e5 2. Nc3 Nc6 3. Nf3 f5 4. e4 Nf6 5. d3 Bb4 6. exf5 d6 7. a3 Bxc3+ 8. bxc3 O-O 9. Be2 Bxf5 10. O-O Qd7 11. d4 Ne4 12. d5 Ne7 13. Qb3 Nc5 14. Qd1 Ng6 15. Be3 e4 16. Nd4 Ne5 17. Nxf5 Qxf5 18. Bxc5 dxc5 19. Rb1 b6 20. Rb2 Rf6 21. Rd2 Rg6 22. d6 Qh3 23. g3 Rh6 24. Bh5 Rxh5 25. Qxh5 Qxh5 26. dxc7 Nf3+ 0-1

[Event "57.SMM B Gröden 2-J.Richter/Lask BZ 2"]
[Site "?"]
[Date "2025.11.22"]
[Round "2.2"]
[White "Alam, Syed Mahbubul"]
[Black "Pangrazzi, Marco"]
[Result "1-0"]
[WhiteElo "1947"]
[BlackElo "2156"]
[PlyCount "71"]
[EventDate "8.??.??"]
[SourceVersionDate "2025.11.23"]

{[%evp 0,71,19,28,72,29,29,31,60,-27,2,-15,-7,-7,-11,-14,-16,-17,-11,-11,-11,-11,2,1,20,-13,-23,-16,-9,-36,-19,-55,-26,-28,-2,-31,2,7,-5,-38,0,-24,22,22,64,53,84,13,44,16,12,-15,0,-170,-162,-126,-175,-162,-31,-18,-11,-21,-34,-67,-57,-57,-33,-209,-25,-21,-28,-34,691,691]} 1. e4 c5 2. Bc4 e6 3. Nc3 a6 4. a4 Nc6 5. d3 Nf6 6. Bg5 Be7 7. Nf3 h6 8. Bh4 g5 9. Bg3 d5 10. Bb3 d4 11. Ne2 Nh5 12. Nd2 Nxg3 13. hxg3 Na5 14. Ba2 Bd7 15. c3 Nc6 16. f4 Qc7 17. cxd4 cxd4 18. Rc1 Qa5 19. O-O gxf4 20. Nc4 Qc7 21. gxf4 O-O-O 22. Ne5 Be8 23. Rc4 Kb8 24. b4 Qb6 25. Nxc6+ Bxc6 26. Qb3 Bxe4 27. a5 Qa7 28. Qc2 Bd5 29. Rc7 Bxb4 30. Bxd5 Rxd5 31. Rc1 Bc3 32. Rxf7 Rb5 33. Kf1 Qc5 34. Nxc3 dxc3 35. Qxc3 Qd6 36. Qxh8+ 1-0

[Event "57.SMM B Gröden 2-J.Richter/Lask BZ 2"]
[Site "?"]
[Date "2025.11.22"]
[Round "2.3"]
[White "Mumelter, Igor"]
[Black "Scola, Matteo"]
[Result "0-1"]
[WhiteElo "1851"]
[BlackElo "1773"]
[PlyCount "118"]
[EventDate "8.??.??"]
[SourceVersionDate "2025.11.23"]

{[%evp 0,79,23,36,55,55,47,42,48,32,81,74,85,85,86,79,61,66,80,51,46,46,61,37,49,45,50,30,32,32,51,-53,-53,-60,-60,-60,-34,-24,-41,-34,-36,-64,-23,-50,40,-3,-9,-16,-12,17,14,-67,-67,-74,-73,-92,-96,-104,-68,-101,-106,-145,-134,-193,-183,-175,-138,-177,-177,-183,-164,-183,-179,-169,-194,-194,-186,-171,-64,-172,-143,-221]} 1. e4 c5 2. Nf3 e6 3. Be2 Nc6 4. Nc3 a6 5. d4 cxd4 6. Nxd4 Qc7 7. Be3 Nf6 8. O-O b5 9. Nxc6 dxc6 10. f4 Bb4 11. Bf3 Bxc3 12. bxc3 O-O 13. Qe2 c5 14. c4 e5 15. Rfd1 exf4 16. Bc1 Qe5 17. Rb1 bxc4 18. Bb2 c3 19. Ba1 Be6 20. Qe1 Rad8 21. Bxc3 Qc7 22. Ba5 Rxd1 23. Rxd1 Qe5 24. Bc3 Qg5 25. Bxf6 Qxf6 26. e5 Qe7 27. Qa5 Bc4 28. Qa4 Qe6 29. Re1 g5 30. h3 Bxa2 31. Ra1 Bc4 32. Re1 Rd8 33. Qa5 Qe7 34. Kh2 Kg7 35. Qb6 Rd2 36. Qb2 Be6 37. Qc3 Rd4 38. Ra1 Bc8 39. Re1 Be6 40. Kg1 Qc7 41. Qb2 Qa5 42. c3 Ra4 43. Bg4 Ra2 44. Qb1 Bd5 45. Qf5 Rxg2+ 46. Kf1 Qb5+ 47. Be2 Qc6 48. c4 Be4 49. Qf6+ Qxf6 50. exf6+ Kxf6 51. Bg4 Bc6 52. Bd7 Bf3 53. Rb1 Ra2 54. Rb6+ Ke5 55. Rh6 Be4 56. Be8 f6 57. Ke1 a5 58. h4 f3 59. hxg5 f2+ 0-1

[Event "57.SMM B Naturns-Team Sparkasse"]
[Site "?"]
[Date "2025.11.15"]
[Round "2.1"]
[White "Valente, Luca"]
[Black "Unterthurner, Hans"]
[Result "1/2-1/2"]
[WhiteElo "1883"]
[BlackElo "1945"]
[PlyCount "43"]
[EventDate "2025.??.??"]

{[%evp 0,43,19,31,47,14,14,-4,16,7,19,-2,-7,5,3,-7,14,12,-9,-16,6,6,-3,-16,-12,0,20,-11,9,9,33,50,28,52,52,18,35,22,87,24,2,-8,3,-9,19,16]} 1. e4 e6 2. d3 d5 3. Qe2 Be7 4. Nf3 c5 5. g3 Nc6 6. Bg2 Nf6 7. O-O O-O 8. e5 Ne8 9. c4 f6 10. exf6 Bxf6 11. Nc3 Nd4 12. Qd1 Nxf3+ 13. Bxf3 Bxc3 14. bxc3 dxc4 15. dxc4 Qxd1 16. Bxd1 Nd6 17. Be3 b6 18. Bf4 Rd8 19. Bxd6 Rxd6 20. Bf3 Rb8 21. Rad1 Rd7 22. Rxd7 1/2-1/2